00441 a2200133 4500001001000000005001700010008004100027245008900068100001800157700002100175700001600196700002600212773006900238ART_1466020260410161913.0260409a 10aAn econometric study of the variables determining inequality aversion among students1 aGevers, Louis1 aGlejser, Herbert1 aLambot, Ph.1 aMorales, Juan Antonio0 tEuropean economic reviewg- Vol. 10, NÂș 2 (nov. 1977)wREV13346